000 00445nam a2200133Ia 4500
008 220216s9999 xx 000 0 und d
100 _aReznichenko S V
245 0 _aPresent state and development trends of material science of mechanical rubber goods in Russia
260 _bProceedings of the International Rubber Conference, Kobe, Japan, 1995; p715-718
650 _aRubber goods
650 _aRussia
700 _aMorozov Y L
942 _cJS
999 _c65636
_d65636